000 00581nam a22001937a 4500
999 _c173017
_d173017
005 20200217162858.0
010 _aENG-127858
020 _c895.00
_a9789380920788
035 _aEN-111390
037 _bDBAD/PUB
082 _a322.420954
100 _aParashad,N.N
245 _aUrban Naxalism and Naxal Terror/
_cN.N.Prasad
260 _aNew Delhi
_c2019
_bSun Shine Books
270 _a4760-4761, 2nd Floor, 23 Ansari Road, Daryaganj,
_e110002
_bNew Delhi
300 _a200p.
_b23cm(hb)
500 _aIncludes Bibliography and Index
942 _2ddc
_cEN
_hPRA
_k322.420954